|
|
|
|
| LEADER |
00000naa a2200000uu 4500 |
| 001 |
vtls011090838 |
| 003 |
SK-MaSNL |
| 005 |
20260302110143.0 |
| 008 |
210910|1998 xo |||||||||||||||||slo| |
| 015 |
|
|
|a SNBRA
|
| 035 |
|
|
|a (urnnbn)urn:nbn:sk:snk:ar-a0cqac
|
| 035 |
|
|
|a (uuid)9daac07c-43a5-4102-84f7-5b07e9e238c6
|
| 035 |
|
|
|a urn:nbn:sk:snk-aavw0t
|
| 040 |
|
|
|a SNKBUCL
|b slo
|c SNKBUCL
|e AACR2
|
| 041 |
0 |
|
|a slo
|
| 044 |
|
|
|a xo
|c SK
|
| 100 |
1 |
|
|a Majtán, Štefan,
|d 1950-
|4 aut
|9 201904
|
| 245 |
1 |
0 |
|a TRANSFORMÁCIA MANAŽÉRSKEJ FUNKCIE NÁKUPU V PODNIKU
|c Štefan Majtán
|
| 773 |
0 |
|
|t Transformácia ekonomiky, skúsenosti Slovenska a ďalších krajín strednej Európy
|d Bratislava : Ekonóm, 1998
|g S. 109
|z 8022509728
|
| 958 |
|
|
|a OND
|
| 958 |
|
|
|a article12
|
| 958 |
|
|
|a chapter
|
| 999 |
|
|
|c 1242004
|d 1243934
|